Synthesis of medical image data using neural networks
Gespeichert in:
| 1. Verfasser: | |
|---|---|
| Weitere Verfasser: | |
| Format: | Manuskript Buch |
| Sprache: | Slowakisch Englisch |
| Veröffentlicht: |
2025
|
| Schlagworte: | |
| Online-Zugang: | http://is.stuba.sk/zp/portal_zp.pl?podrobnosti=175390 |
| Tags: |
Keine Tags, Fügen Sie das erste Tag hinzu!
|
MARC
| LEADER | 00000ntm a22000003a 4500 | ||
|---|---|---|---|
| 001 | stuzp102953 | ||
| 003 | SK-STU | ||
| 005 | 20250614211920.6 | ||
| 007 | ta | ||
| 008 | 150427s2015----xo-----f-mn---000-0-slo-d | ||
| 040 | |a STU |b slo | ||
| 041 | 0 | |a eng | |
| 100 | 1 | |a Vitárius, Ľudovít |u 070400 |4 aut |U FIIT Fakulta informatiky a informačných technológií |T FIIT Ústav počítačového inžinierstva a aplikovanej informatiky |X 120908 |U I400 |Y 672 |7 120908 | |
| 242 | 0 | 1 | |a Syntéza medicínskych obrazových dát pomocou neurónových sietí |y slo |
| 245 | 1 | 0 | |a Synthesis of medical image data using neural networks |
| 260 | |c 2025 | ||
| 650 | 4 | |a generative adversarial networks |2 eng | |
| 650 | 4 | |a medical data |2 eng | |
| 650 | 4 | |a primary ciliary dyskineza |2 eng | |
| 650 | 4 | |a medicínske dáta |2 slo | |
| 650 | 4 | |a generatívne súťažive siete |2 slo | |
| 650 | 4 | |a primárna ciliárna dyskinéza |2 slo | |
| 700 | 1 | |a Kollár, Maroš |u 070400 |k Z3 |4 ths |U FIIT Fakulta informatiky a informačných technológií |T FIIT Ústav počítačového inžinierstva a aplikovanej informatiky |X 92056 |U I400 |Y 672 |7 92056 | |
| 856 | 4 | |u http://is.stuba.sk/zp/portal_zp.pl?podrobnosti=175390 | |